01425nam a2200241Ia 4500001001100000003001000011008004100021040002500062041001300087100002300100245004400123250001100167260008500178300002800263500026200291501011400553520026200667650003700929942000700966957000600973999004200979952016201021L100-51588IT-CnALBA170116s9999||||xx |||||||||||||| ||und|| aIT-CnALBAcIT-CnALBA aITALIANO aBOUVERESSE JACQUES 0aFILOSOFIA, MITOLOGIA E PSEUDO-SCIENZA.  a1a ed. aTORINObEINAUDI GIULIO, EDITORE. c1997 [1° Ed.:1997 - Ed.Ling.Originale: 1991] a198 p. (prefazione: 12) aWITTGENSTEUN LETTORE DI FREUD? IL PROBLEMA DELLA REALTÀ DELL'INCONSCIO. LA PULSIONE DI GENERALITA'. LE RAGIONI E LE CAUSE. LA MECCANICA DELLO SPIRITO. IL PRINCIPIO DELLA RAGIONE IN SUFFICIENTE E IL DIRITTO AL NON SENSO. IL MESSAGGIO DEL SOGNO. CONCLUSIONE aSocietà San Paolo EM - Piazza San Paolo, 14 - 12051 ALBA (CN) (non commercial uses only) ® Copyright 2017 aWITTGENSTEUN LETTORE DI FREUD? IL PROBLEMA DELLA REALTÀ DELL'INCONSCIO. LA PULSIONE DI GENERALITA'. LE RAGIONI E LE CAUSE. LA MECCANICA DELLO SPIRITO. IL PRINCIPIO DELLA RAGIONE IN SUFFICIENTE E IL DIRITTO AL NON SENSO. IL MESSAGGIO DEL SOGNO. CONCLUSIONE aFILOSOFIA E DISCIPLINE COLLEGATE cBK 71 a67068bNOg Copie: 1 c310471d310471 0010406L_1005158871aALBAbALBAd2017-01-16l0oL100-51588r2017-01-16 00:00:00w2017-01-16yBKz(data import: 16 gennaio 2017) - By Epidotti, Vaglietti.